Normal view MARC view
  • Lahore (Pakistan)

Entry Geographic Name

Number of records used in: 4

001 - CONTROL NUMBER

  • control field: 3878

003 - CONTROL NUMBER IDENTIFIER

  • control field: NUST

005 - DATE AND TIME OF LATEST TRANSACTION

  • control field: 20170810102036.0

008 - FIXED-LENGTH DATA ELEMENTS

  • fixed length control field: 170810|| aca||aabn | a|a d

040 ## - CATALOGING SOURCE

  • Original cataloging agency: NUST
  • Transcribing agency: NUST

151 ## - HEADING--GEOGRAPHIC NAME

  • Geographic name: Lahore (Pakistan)
  • General subdivision: Intellectual life.

670 ## - SOURCE DATA FOUND

  • Source citation: Work cat.: (NUST)0: Hamid, Abdul, 1928-2011. 3876, Yāden̲ :, 1994.
© 2023 Central Library, National University of Sciences and Technology. All Rights Reserved.